[Event "Novorossiysk Small Land Rapid op"]
[Site "Novorossiysk"]
[Date "2023.07.26"]
[Round "3"]
[White "Afanasiev, Nikita"]
[Black "Gurianov, Daniil"]
[Result "1-0"]
[WhiteElo "2543"]
[BlackElo "2064"]
[PlyCount "79"]
[EventDate "2023.07.26"]
[EventType "swiss (rapid)"]
[EventRounds "11"]
[EventCountry "RUS"]
[SourceTitle "CBM 215 Extra"]
[Source "ChessBase"]
[SourceDate "2023.09.30"]
[SourceVersion "1"]
[SourceVersionDate "2023.09.30"]
[SourceQuality "1"]

1. Nf3 Nf6 2. g3 b5 3. Bg2 Bb7 4. 0-0 e6 5. b3 Be7 6. Na3 a6 7. c4 bxc4 8. bxc4 0-0 9. Rb1 Bc6 10. d3 d6 11. Nc2 e5 12. e4 a5 13. Ne3 Re8 14. Nd5 h6 15. Re1 Nbd7 16. d4 Bf8 17. Bd2 Nb6 18. Qc2 Ba4 19. Qc1 Nfd7 20. Be3 exd4 21. Bxd4 Rb8 22. Nd2 Bc6 23. Qc3 Ra8 24. Nb3 Na4 25. Qd2 Ne5 26. Rec1 g6 27. f4 Bxd5 28. cxd5 Ng4 29. Nxa5 c5 30. Nc6 Qc7 31. Ba1 h5 32. h3 Nh6 33. f5 Bg7 34. Bxg7 Kxg7 35. Rf1 Ng8 36. Rbe1 Nb6 37. e5 Nc4 38. exd6 Qxd6 39. Qc3+ Ne5 40. Rxe5 1-0

[Event "Novorossiysk Small Land op"]
[Site "Novorossiysk"]
[Date "2023.07.25"]
[Round "9"]
[White "Grebnev, Aleksey"]
[Black "Gurianov, Daniil"]
[Result "1-0"]
[WhiteElo "2488"]
[BlackElo "2064"]
[PlyCount "69"]
[EventDate "2023.07.17"]
[EventType "swiss"]
[EventRounds "9"]
[EventCountry "RUS"]
[SourceTitle "CBM 215 Extra"]
[Source "ChessBase"]
[SourceDate "2023.09.30"]
[SourceVersion "1"]
[SourceVersionDate "2023.09.30"]
[SourceQuality "1"]

1. c4 e5 2. d3 Nf6 3. Nf3 Nc6 4. a3 d5 5. cxd5 Nxd5 6. e4 Nf6 7. Be2 h6 8. 0-0 g5 9. b4 g4 10. Nfd2 Be6 11. Nb3 a5 12. Nc5 Bxc5 13. bxc5 Qd4 14. Qd2 a4 15. Bb2 Qxc5 16. Nc3 Nd4 17. Bd1 b5 18. Ne2 Qd6 19. Nxd4 exd4 20. f4 gxf3 21. Bxf3 Qe5 22. Qf2 c5 23. Bc1 Nd7 24. Be2 0-0-0 25. Bf4 Qg7 26. Qe1 Rhg8 27. g3 Ne5 28. Qa5 f6 29. Qa6+ Kd7 30. Qxb5+ Ke7 31. Qxc5+ Ke8 32. Bxe5 fxe5 33. Bh5+ Kd7 34. Rab1 Bb3 35. Rf7+ 1-0

[Event "Novorossiysk Small Land Blitz"]
[Site "Novorossiysk"]
[Date "2022.07.17"]
[Round "4"]
[White "Potapova, Margarita"]
[Black "Gurianov, Daniil"]
[Result "1-0"]
[WhiteElo "2216"]
[BlackElo "2045"]
[PlyCount "90"]
[EventDate "2022.07.17"]
[EventType "swiss (blitz)"]
[EventRounds "13"]
[EventCountry "RUS"]
[SourceTitle "CBM 209 Extra"]
[Source "ChessBase"]
[SourceDate "2022.09.30"]
[SourceVersion "1"]
[SourceVersionDate "2022.09.30"]
[SourceQuality "1"]

1. d4 Nf6 2. c4 e6 3. g3 Be7 4. Bg2 d5 5. Nf3 0-0 6. Nc3 dxc4 7. Ne5 Nc6 8. Bxc6 bxc6 9. Nxc6 Qe8 10. Nxe7+ Qxe7 11. Qa4 c5 12. dxc5 Qxc5 13. Be3 Qc7 14. 0-0-0 Bd7 15. Qa3 Rfc8 16. Bg5 Bc6 17. f3 Nd5 18. e4 Nxc3 19. Qxc3 Qb6 20. Be3 Qb7 21. Rd2 a5 22. Rhd1 Qb4 23. Rd6 Qxc3+ 24. bxc3 a4 25. Bc5 h6 26. Bb4 Bb5 27. R1d2 Bc6 28. Kd1 Rc7 29. Ke2 e5 30. Ke3 Kh7 31. h4 Raa7 32. g4 h5 33. gxh5 Bb5 34. R6d5 Bd7 35. Rxe5 Be6 36. f4 Bg4 37. Red5 Kh6 38. Rd6+ Kh7 39. f5 Bxh5 40. Kf4 g6 41. f6 Rab7 42. Rd8 Rc6 43. e5 Ra7 44. Re8 g5+ 45. Kxg5 Bf3 1-0

[Event "Tuapse op"]
[Site "Tuapse"]
[Date "2021.07.01"]
[Round "5"]
[White "Gurianov, Daniil"]
[Black "Pshmahov, Osman"]
[Result "0-1"]
[WhiteElo "2052"]
[BlackElo "2226"]
[PlyCount "70"]
[EventDate "2021.06.27"]
[EventType "swiss"]
[EventRounds "9"]
[EventCountry "RUS"]
[SourceTitle "CBM 203 Extra"]
[Source "ChessBase"]
[SourceDate "2021.09.30"]
[SourceVersion "1"]
[SourceVersionDate "2021.09.30"]
[SourceQuality "1"]

1. e4 c6 2. d4 d5 3. e5 c5 4. dxc5 Nc6 5. Nf3 Bg4 6. Bb5 e6 7. Be3 Nh6 8. c3 Rc8 9. 0-0 Nf5 10. Bd4 g5 11. Nbd2 h5 12. a4 h4 13. Nb3 Bh5 14. Be2 g4 15. Ne1 Rg8 16. Nd3 Bh6 17. Re1 Qg5 18. g3 Qg7 19. Bf1 hxg3 20. hxg3 Qh7 21. Bg2 Bg6 22. Nb4 Nfe7 23. Nxc6 bxc6 24. Nc1 Rh8 25. Be3 Bxe3 26. Rxe3 Be4 27. Rxe4 dxe4 28. Qxg4 e3 29. fxe3 Nf5 30. Qf4 Rd8 31. Ne2 Rd2 32. Kf2 Qh2 33. Re1 Rg8 34. Qf3 Rxg3 35. Qxc6+ Kf8 0-1

[Event "Krasnodar Region-ch"]
[Site "Krasnodar"]
[Date "2014.10.09"]
[Round "7"]
[White "Sverkunov, Oleg"]
[Black "Gurianov, Daniil"]
[Result "0-1"]
[WhiteElo "1859"]
[BlackElo "1817"]
[PlyCount "86"]
[EventDate "2014.10.03"]
[EventType "swiss"]
[EventRounds "9"]
[EventCountry "RUS"]
[SourceTitle "EXT 2015"]
[Source "ChessBase"]
[SourceDate "2014.11.20"]
[SourceVersion "1"]
[SourceVersionDate "2014.11.20"]
[SourceQuality "1"]

1. e4 c5 2. Nf3 Nc6 3. d4 cxd4 4. Nxd4 e5 5. Nb5 a6 6. Nd6+ Bxd6 7. Qxd6 Qe7 8. Qd1 Nf6 9. Nc3 Qb4 10. a3 Qa5 11. b4 Qc7 12. Qd3 d5 13. Nxd5 Nxd5 14. exd5 Nd4 15. Ra2 Bf5 16. Qc4 Qxc4 17. Bxc4 Rc8 18. Be2 Bxc2 19. Be3 Bb3 20. Rb2 Bxd5 21. 0-0 Rc3 22. Rc1 Rxc1+ 23. Bxc1 Ke7 24. Be3 Rc8 25. Bd1 Rc3 26. a4 Rd3 27. Rd2 Rxd2 28. Bxd2 Bb3 29. Bxb3 Nxb3 30. Be3 Kd6 31. b5 axb5 32. axb5 Nd4 33. b6 Kc6 34. Kf1 Kxb6 35. f4 f6 36. g4 Kc5 37. h4 exf4 38. Bxf4 b5 39. h5 b4 40. Ke1 b3 41. Bc1 Kc4 42. Bb2 Nf3+ 43. Ke2 Ne5 0-1

[Event "Krasnodar Region-ch"]
[Site "Krasnodar"]
[Date "2014.10.05"]
[Round "3"]
[White "Karamanov, Dmitry"]
[Black "Gurianov, Daniil"]
[Result "1-0"]
[WhiteElo "2154"]
[BlackElo "1817"]
[PlyCount "57"]
[EventDate "2014.10.03"]
[EventType "swiss"]
[EventRounds "9"]
[EventCountry "RUS"]
[SourceTitle "EXT 2015"]
[Source "ChessBase"]
[SourceDate "2014.11.20"]
[SourceVersion "1"]
[SourceVersionDate "2014.11.20"]
[SourceQuality "1"]

1. d4 f5 2. g3 e6 3. Bg2 Nf6 4. Nf3 Be7 5. c4 0-0 6. 0-0 d6 7. b3 Nbd7 8. Bb2 Ne4 9. Nbd2 Nxd2 10. Nxd2 Qe8 11. f4 Bf6 12. e4 fxe4 13. Nxe4 Rb8 14. Qd3 Qe7 15. Rae1 Nb6 16. Bc3 Re8 17. a4 Qf7 18. Nxf6+ gxf6 19. f5 c6 20. a5 Nd7 21. fxe6 Rxe6 22. Rxe6 Qxe6 23. d5 Qe7 24. dxc6 bxc6 25. Bxc6 Rxb3 26. Qd5+ Qf7 27. Qd1 Nc5 28. Bd5 Be6 29. Rxf6 1-0

[Event "Krasnodar Region-ch"]
[Site "Krasnodar"]
[Date "2014.10.03"]
[Round "1"]
[White "Stambulian, Arsen"]
[Black "Gurianov, Daniil"]
[Result "1-0"]
[WhiteElo "2410"]
[BlackElo "1817"]
[PlyCount "61"]
[EventDate "2014.10.03"]
[EventType "swiss"]
[EventRounds "9"]
[EventCountry "RUS"]
[SourceTitle "EXT 2015"]
[Source "ChessBase"]
[SourceDate "2014.11.20"]
[SourceVersion "1"]
[SourceVersionDate "2014.11.20"]
[SourceQuality "1"]

1. e4 c5 2. Nf3 Nc6 3. d4 cxd4 4. Nxd4 e5 5. Nb5 a6 6. N5c3 Bc5 7. Nd5 d6 8. Nbc3 Nge7 9. Qh5 Be6 10. Bg5 Qd7 11. Bc4 Ng6 12. Qd1 b5 13. Bb3 0-0 14. h4 f6 15. Be3 Bxe3 16. Nxe3 Bxb3 17. axb3 Nd4 18. Ncd5 Qa7 19. c3 Ne6 20. Nf5 Ngf4 21. g3 Nxd5 22. Qxd5 Rfe8 23. 0-0 Rad8 24. Rfd1 Qb6 25. b4 g6 26. Qa2 gxf5 27. exf5 d5 28. fxe6 Qxe6 29. Qxa6 Qxa6 30. Rxa6 Kg7 31. Rb6 1-0

[Event "Krasnodar Region Cup"]
[Site "Krasnodar"]
[Date "2013.01.29"]
[Round "7"]
[White "Gurianov, Daniil"]
[Black "Gridnev, Yury"]
[Result "0-1"]
[WhiteElo "1690"]
[BlackElo "2030"]
[PlyCount "92"]
[EventDate "2013.01.23"]
[EventType "swiss"]
[EventRounds "8"]
[EventCountry "RUS"]
[SourceTitle "EXT 2023"]
[Source "ChessBase"]
[SourceDate "2022.10.05"]
[SourceVersion "1"]
[SourceVersionDate "2022.10.05"]
[SourceQuality "1"]

1. e4 c5 2. Nf3 d6 3. d4 cxd4 4. Nxd4 Nf6 5. Nc3 g6 6. Be2 Bg7 7. 0-0 Nc6 8. Nb3 0-0 9. Re1 Be6 10. Bf1 a6 11. Bg5 b5 12. Nd5 Bxd5 13. exd5 Ne5 14. c3 Re8 15. h3 Qb6 16. Rc1 Qb7 17. Bxf6 Bxf6 18. f4 Nc4 19. Re2 e6 20. dxe6 fxe6 21. Kh1 Rad8 22. Qc2 Re7 23. Nd2 d5 24. Nxc4 bxc4 25. Rd1 Rd6 26. Re3 Rb6 27. Rd2 Kf7 28. Be2 Qb8 29. Rf3 Reb7 30. b4 cxb3 31. axb3 Rxb3 32. Bxa6 Rc7 33. c4 Rxf3 34. gxf3 dxc4 35. Qa4 c3 36. Rd7+ Rxd7 37. Qxd7+ Be7 38. Bc4 Qb1+ 39. Kg2 Qf5 40. Bb5 Qc5 41. Qe8+ Kg7 42. f5 c2 43. fxg6 hxg6 44. Bd3 Qg5+ 45. Kf2 c1Q 46. Bxg6 Qcd2+ 0-1

[Event "Krasnodar Region-ch"]
[Site "Krasnodar"]
[Date "2012.10.10"]
[Round "9"]
[White "Gurianov, Daniil"]
[Black "Volynsky, Mark"]
[Result "1/2-1/2"]
[WhiteElo "1681"]
[BlackElo "1904"]
[PlyCount "99"]
[EventDate "2012.10.02"]
[EventType "swiss"]
[EventRounds "9"]
[EventCountry "RUS"]
[SourceTitle "EXT 2013"]
[Source "ChessBase"]
[SourceDate "2012.11.22"]
[SourceVersion "1"]
[SourceVersionDate "2012.11.22"]
[SourceQuality "1"]

1. e4 a6 2. a4 d5 3. exd5 Qxd5 4. Nc3 Qd6 5. d4 Nf6 6. Nf3 Nc6 7. Be2 Bf5 8. Bd3 Bg4 9. Be3 e6 10. Be4 0-0-0 11. 0-0 Be7 12. Bxc6 Qxc6 13. Ne5 Qxc3 14. Nxg4 Qa5 15. Ne5 Rhf8 16. Qe2 Bd6 17. Nc4 Qh5 18. Qxh5 Nxh5 19. c3 h6 20. Rfe1 Nf6 21. Na3 Nd5 22. Nc2 Rfe8 23. g3 f5 24. f4 Nf6 25. Kg2 Ne4 26. Bg1 c6 27. Ne3 h5 28. h4 Rf8 29. Nd1 Rf6 30. Nf2 Nd2 31. Rad1 Nc4 32. Re2 Rg6 33. Kh2 Nb6 34. Ra1 Nd5 35. Nd3 Re8 36. Rae1 Kd7 37. Rd1 Kc8 38. Rde1 b5 39. axb5 axb5 40. Ra1 Kb7 41. Ra2 Rf6 42. Re1 Ra8 43. Rxa8 Kxa8 44. Kg2 Kb7 45. Kf3 Nc7 46. Ra1 Nd5 47. Re1 Kb8 48. Ra1 Nc7 49. Bf2 Rf8 50. Be1 1/2-1/2